|
|
|
|
| LEADER |
00817nam a22002172a 4500 |
| 001 |
001458930 |
| 003 |
CZ BrMZK |
| 005 |
20150826145113.0 |
| 007 |
ta |
| 008 |
150302s1952 ru er|||||||||||rus d |
| 040 |
|
|
|a ABA001
|b cze
|d ABA001
|d BOA001
|
| 100 |
1 |
|
|a Bačinskij, Aleksej Iosifovič,
|d 1877-1944
|7 jx20081211007
|4 aut
|
| 245 |
1 |
0 |
|a Fizika :
|b učebnoje posobije dlja remeslennych i železnodorožnych učilišč i dlja samoobrazovanija /
|c A.I. Bačinskij, S.M. Il'jašenko
|
| 250 |
|
|
|a 4-je, isprav. i dopol. izd.
|
| 260 |
|
|
|a Moskva :
|b Gostechizdat,
|c 1952
|
| 300 |
|
|
|a 543 s. ;
|c 22 cm
|
| 700 |
1 |
|
|a Il'jašenko, Sergej Michajlovič
|7 xx0097805
|4 aut
|
| 910 |
|
|
|a BOA001
|b 2-0321.569
|
| 990 |
|
|
|a BK
|
| 991 |
|
|
|b 201502
|
| 996 |
7 |
|
|b 2618809817
|c 2-0321.569
|l MZK
|r Sklad / do 24 hodin
|n 0
|w 001493893
|u 000010
|a 1
|e BOA001
|j MZK50
|s A
|